000 01549nam a2200373 a 4500
001 000008556
003 OSt
005 20240306073904.0
008 090917s1994 dr r 001 0 spa d
040 _aDO-SdBNP
_bspa
_cBNPHU
082 _aRD868.44
_bA385v
100 1 _aAlfau Durán, Vetilio,
_d1909-1985
_910091
245 1 0 _aVetilio Alfau Durán en Clío /
_ccompiladores Arístides Incháustegui, Blanca Delgado Malagón.
260 _aSanto Domingo :
_bCorripio,
_c1994.
300 _av. ;
_c23 cm.
490 1 _aColección del Sesquicentenario de la Independencia Nacional
_v2
500 _aIncluye índice onomástico.
504 _aIncluye referencias bibliográficas y notas al pie de las páginas.
504 _aBibliografía : p. 570-682
505 1 _av. 1-2. Escritos -- v. 3. Anotaciones
590 _aInventariado, 2019/BT
600 1 4 _aAUFAU DURÁN, VETILIO,
_d1905-1985
_xCOLECCIONES DE ESCRITOS
_922935
651 4 _aRepública Dominicana
_xHistoria
_9170
651 4 _aRepública Dominicana
_xHistoriografía
_91457
651 4 _aRepública Dominicana
_xBiografía
_910879
651 4 _aRepública Dominicana
_xBibliografía
_922926
700 1 _aIncháustegui, Arístides,
_d1938-
_ecomp.
_922936
700 1 _aDelgado Malagón, Blanca,
_ecomp.
_922928
730 0 2 _aClío (República Dominicana)
_922937
730 0 2 _aListín Diario (República Dominicana)
_91199
830 0 _aColección del Sesquicentenario de la Independencia Nacional
_n2
_922938
910 _aValidado. Control de calidad. MMOLINA
942 _2ddc
_cLBS1
999 _c8326
_d8326